000
00324nam a22001457a 4500
008
231016b ||||| |||| 00| 0 eng d
020
_a
0801493633
041
_a
eng
080
_a
101
082
_a
101HAR
100
_a
44
101
_a
FILOZO
245
_a
THE SCIENCE QUESTION IN FEMINISM
_c
HARDING S
942
_2
udc
_c
BK
999
_c
60453
_d
60453